Pin Africa on a Borderless Map - Statistics

General Stats
  • This quiz has been taken 502,504 times
  • The average score is 18 of 54
Answers on the Map
Answers color-coded by a green-red scale on the quiz's map according to % correct below.
 
Answer Stats
Country % Correct
Egypt
48%
Madagascar
48%
South Africa
48%
Morocco
47%
Algeria
45%
Libya
45%
Somalia
45%
Tunisia
43%
Sudan
42%
Ethiopia
41%
Mozambique
41%
Namibia
40%
Angola
38%
Cape Verde
38%
Dem. Rep. Congo
37%
Nigeria
37%
Kenya
36%
Mauritania
36%
São Tomé and Príncipe
36%
Seychelles
36%
South Sudan
36%
Tanzania
36%
Botswana
35%
Chad
35%
Mali
35%
Eritrea
34%
Niger
34%
Comoros
32%
Djibouti
32%
Lesotho
32%
Mauritius
32%
Cameroon
31%
Central African Republic
30%
Eswatini
30%
Senegal
30%
Malawi
29%
Zimbabwe
29%
Rep. of Congo
28%
Uganda
28%
Zambia
27%
Gabon
26%
Burkina Faso
25%
Ivory Coast
25%
Equatorial Guinea
24%
Ghana
24%
Gambia
23%
Benin
22%
Burundi
22%
Liberia
22%
Rwanda
22%
Guinea
21%
Togo
21%
Sierra Leone
20%
Guinea-Bissau
19%
No matching quizzes found
Score Distribution
Percent of People with Each Score
Percentile by Number Answered
Your Score History
You have not taken this quiz